000 00991nam a22002537a 4500
001 44625
003 BD-RjUL
005 20211209053906.0
008 160718s1978 bg ||||| |||| 00| 0 ben d
020 _c: TK 4.00
035 _a(BD-RjUL)44743
040 _aBD-RjUL
_bben
_cBD-RjUL
041 _aben
082 _223
_a297
_bAZD 1978
100 1 _aআজাদ, আবুল কামাল
_9136892
245 1 0 _aদুই ঈদ :
_b(ঈদুল ফিতর ও ঈদুল আজহা) /
_cমূল: আবুল কামাল আজাদ ; অনুবাদ: আমিনুল ইসলাম
250 _a২য় সং.
260 _aঢাকা :
_bইসলামিক ফাউন্ডেশন,
_c১৯৭৮
300 _a[৪], ৫৬, [১] পৃ. ;
_c২১ সেমি.
650 _aইসলাম
_9136893
650 _aIslam
_9136894
700 _aইসলাম, আমিনুল, অনুবাদক
_9241508
942 _2ddc
_cBK
999 _c44625
_d44625